Perilous desert : (Record no. 92602)
[ view plain ]
| 000 -LEADER | |
|---|---|
| fixed length control field | 01416nam a22002657a 4500 |
| 005 - DATE AND TIME OF LATEST TRANSACTION | |
| control field | 20150417114937.0 |
| 010 ## - LCCN (DPL NO) | |
| LC control number | ENG-112535 |
| 020 ## - INTERNATIONAL STANDARD BOOK NUMBER | |
| International Standard Book Number | 9789381904831 |
| Terms of availability | 1325.00 |
| 035 ## - SYSTEM CONTROL NUMBER | |
| System control number | EN-96067 |
| 037 ## - SOURCE OF ACQUISITION | |
| Source of stock number/acquisition | DBAD/PUB |
| 082 ## - DEWEY DECIMAL CLASSIFICATION NUMBER | |
| Classification number | 355.033066 |
| 245 00 - TITLE STATEMENT | |
| Title | Perilous desert : |
| Statement of responsibility, etc | edited by Frederic Wehrey [and] Anouar Boukhars |
| Remainder of title | insecurity in the Sahara / |
| 260 ## - PUBLICATION, DISTRIBUTION, ETC. (IMPRINT) | |
| Place of publication, distribution, etc | New Delhi |
| Name of publisher, distributor, etc | KW Publishers |
| Date of publication, distribution, etc | 2013 |
| 270 ## - ADDRESS | |
| Address | 4676/21, First Floor, Ansari Road, Daryaganj, |
| City | New Delhi |
| Postal code | 110002 |
| 300 ## - PHYSICAL DESCRIPTION | |
| Extent | viii,213p.: |
| Dimensions | 24cm(Hb) |
| Other physical details | maps |
| 500 ## - GENERAL NOTE | |
| General note | Includes bibliographical references and index. |
| 505 ## - FORMATTED CONTENTS NOTE | |
| Formatted contents note | Foreword / Marwan Muasher -- Introduction / Frederic Wehrey -- The struggle for security in east Libya / Frederic Wehrey -- Borderline chaos? stabilizing Libya’s periphery / Peter Cole -- Organized crime and conflict in the Sahel-Sahara region / Wolfram Lacher -- The paranoid neighbor: Algeria and the conflict in Mali / Anouar Boukhars -- The drivers of insecurity in Mauritania / Anouar Boukhars -- Mauritania’s Islamists / Alex Thurston -- Simmering discontent in the western Sahara / Anouar Boukhars. |
| 650 ## - SUBJECT ADDED ENTRY--TOPICAL TERM | |
| Topical term or geographic name as entry element | Security, International |
| Geographic subdivision | Sahara. |
| 650 ## - SUBJECT ADDED ENTRY--TOPICAL TERM | |
| Topical term or geographic name as entry element | Security, International |
| Geographic subdivision | Sahel. |
| 650 ## - SUBJECT ADDED ENTRY--TOPICAL TERM | |
| Topical term or geographic name as entry element | National security |
| Geographic subdivision | Sahara. |
| 650 ## - SUBJECT ADDED ENTRY--TOPICAL TERM | |
| Topical term or geographic name as entry element | National security |
| Geographic subdivision | Sahel |
| 700 ## - ADDED ENTRY--PERSONAL NAME | |
| Personal name | Wehrey, Frederic M. |
| 700 ## - ADDED ENTRY--PERSONAL NAME | |
| Personal name | Boukhars, Anouar. |
| 942 ## - ADDED ENTRY ELEMENTS (KOHA) | |
| Source of classification or shelving scheme | Dewey Decimal Classification |
| Item type | English Books |
| Call number suffix | PER |
| Classification part | 355.033066 |
| Withdrawn status | Lost status | Not for loan | Collection code | Home library | Current library | Date acquired | Source of acquisition | Cost, normal purchase price | Full call number | Barcode | Copy number | Cost, replacement price | Koha item type |
|---|---|---|---|---|---|---|---|---|---|---|---|---|---|
| Not For Loan | Non-fiction | D.B.Act.Division | D.B.Act.Division | 30/03/2015 | DBAD/PUB | 1325.00 | 355.033066 PER | EN-96067 | 1 | 1325.00 | English Books |
